Nutrition for life : the definitive guide to eating well for good health
| Main Author: | |
|---|---|
| Format: | Book |
| Published: |
London :
Dorling Kindersley ,
2005
|
| Subjects: |
MARC
| LEADER | 00000cam a2200000 7i4500 | ||
|---|---|---|---|
| 001 | 0000017838 | ||
| 005 | 20080530.0 | ||
| 008 | 080530 | ||
| 020 | |a 1405303069 | ||
| 090 | 0 | 0 | |a 613.2 |b HAR |
| 100 | 1 | |a Hark, Lisa | |
| 245 | 1 | 0 | |a Nutrition for life : |b the definitive guide to eating well for good health |c Lisa Hark & Dr Darwin Deen |
| 260 | |a London : |b Dorling Kindersley , |c 2005 | ||
| 650 | 0 | |a Nutrition |x Popular works | |
| 999 | |a 0001017269 |b Book |c Adult Collection |e Perbadanan Perpustakaan Awam Johor | ||